UBT Library

Modern food microbiology / (Record no. 39767)

000 -LEADER
fixed length control field 00563cam a2200217 i 4500
001 - CONTROL NUMBER
control field 833572
005 - DATE AND TIME OF LATEST TRANSACTION
control field 20180104085232.0
008 - FIXED-LENGTH DATA ELEMENTS--GENERAL INFORMATION
fixed length control field 780517s1978 nyua b 001 0 eng
010 ## - LIBRARY OF CONGRESS CONTROL NUMBER
LC control number 77086705
020 ## - INTERNATIONAL STANDARD BOOK NUMBER
International Standard Book Number 0442241275
040 ## - CATALOGING SOURCE
Original cataloging agency DLC
Transcribing agency DLC
Modifying agency DLC
041 ## - LANGUAGE CODE
Language code of text/sound track or separate title eng
080 ## - UNIVERSAL DECIMAL CLASSIFICATION NUMBER
Universal Decimal Classification number 576.163 JAM
082 00 - DEWEY DECIMAL CLASSIFICATION NUMBER
Classification number 576.163 JAM
100 1# - Rafti
Rafti 11
101 ## - Shkurtesa
Shkurtesa MIC
245 10 - TITLE STATEMENT
Title Modern food microbiology /
Statement of responsibility, etc James M. Jay.
504 ## - BIBLIOGRAPHY, ETC. NOTE
Bibliography, etc Includes bibliographical references and index.
906 ## - LOCAL DATA ELEMENT F, LDF (RLIN)
a 7
b cbc
c orignew
d 2
e opcn
f 19
g y-gencatlg
942 ## - ADDED ENTRY ELEMENTS (KOHA)
Source of classification or shelving scheme
Item type Books
Holdings
Withdrawn status Lost status Source of classification or shelving scheme Damaged status Not for loan Permanent location Current location Date acquired Total Checkouts Full call number Barcode Date last seen Price effective from Koha item type
          UBT - Lipjan UBT - Lipjan 01/04/2018   576.163 JAM 002-2994769 01/04/2018 01/04/2018 Books
UBT Library © 2015-2024. All rights reserved University Education for Business and Technology